Normal view
MARC view
- Hyman, William A.
Entry Personal Name
001 - CONTROL NUMBER
- control field: 22339
003 - CONTROL NUMBER IDENTIFIER
- control field: NUST
005 - DATE AND TIME OF LATEST TRANSACTION
- control field: 20191002103426.0
008 - FIXED-LENGTH DATA ELEMENTS
- fixed length control field: 191002|| aca||aabn | a|a d
040 ## - CATALOGING SOURCE
- Original cataloging agency: NUST
- Transcribing agency: NUST
100 ## - HEADING--PERSONAL NAME
- Personal name: Hyman, William A.
- Fuller form of name: (William Albert),
- Dates associated with a name: 1944-
670 ## - SOURCE DATA FOUND
- Source citation: Work cat.: (NUST)0: Hyman, William A. (William Albert), 1944-, Best management practices for environmental issues related to highway and street maintenance /, 1999.
